[Event "It"]
[Site "Alushta UKR"]
[Date "2000.10.18"]
[Round "4"]
[White "Andreev,Ed"]
[Black "Kovchan,A"]
[Result "0-1"]
[WhiteElo "2433"]
[BlackElo "2420"]

1.e4 c5 2.Nf3 d6 3.d4 cxd4 4.Nxd4 Nf6 5.Nc3 a6 6.f3 e5 7.Nb3 Be6 8.Be3 h5
9.Qd2 Be7 10.O-O-O Nbd7 11.Nd5 Nxd5 12.exd5 Bf5 13.Bd3 Bxd3 14.Qxd3 Bg5 15.Kb1 Bxe3
16.Qxe3 Rc8 17.f4 O-O 18.g3 Re8 19.Qf3 Nf6 20.Rhe1 Qc7 21.c3 exf4 22.gxf4 Qc4
23.Nd4 Qxd5 24.Qxd5 Nxd5 25.Nf5 Rxe1 26.Rxe1 Rc7 27.Re4 Nf6 28.Rb4 d5 29.a4 Rd7
30.Rb6 Ne4 31.Kc2 g6 32.Nd4 Nd6 33.Nb3 Nc4 34.Rb4 Re7 35.Nd4 h4 36.f5 Kg7
37.fxg6 Kxg6 38.b3 a5 39.bxc4 axb4 40.cxd5 Rc7 41.Nb5 Rc5 42.d6 bxc3 43.Nxc3 Rc6
44.d7 Rd6  0-1

[Event "Essent Open"]
[Site "Hoogeveen NED"]
[Date "2000.10.18"]
[Round "6"]
[White "De Weerd,W"]
[Black "Van Kooten,L"]
[Result "0-1"]
[WhiteElo "2071"]
[BlackElo "2292"]

1.e4 c5 2.Nf3 d6 3.d4 cxd4 4.Nxd4 Nf6 5.Nc3 a6 6.f3 e6 7.Bg5 Nbd7 8.Qd2 h6
9.Be3 b5 10.O-O-O Bb7 11.Bd3 Rc8 12.g4 Ne5 13.h4 Nxd3+ 14.Qxd3 Nd7 15.g5 Ne5
16.Qe2 Qc7 17.f4 Nc4 18.g6 b4 19.gxf7+ Qxf7 20.Na4 Bxe4 21.Rhf1 Be7 22.Bg1 d5
23.b3 Na3 24.Qxa6 O-O 25.Nb6 Rc7 26.f5 e5 27.Na8 Rc5 28.c4 exd4 29.Bxd4 Rcc8
30.Nb6 Rc6 31.Rg1 Bf6 32.Bxf6 Qxf6 33.Rg6 Qc3+  0-1

[Event "It"]
[Site "Alushta UKR"]
[Date "2000.10.20"]
[Round "6"]
[White "Andreev,Ed"]
[Black "Voitsekhovsky,S"]
[Result "1/2-1/2"]
[WhiteElo "2433"]
[BlackElo "2516"]

1.e4 c5 2.Nf3 d6 3.d4 cxd4 4.Nxd4 Nf6 5.Nc3 a6 6.f3 e6 7.Be3 b5 8.Qd2 Nbd7
9.g4 Nb6 10.O-O-O Bb7 11.Nb3 Rc8 12.Na5 Ba8 13.a4 d5 14.g5 Nfd7 15.exd5 Bxd5
16.axb5 Bb4 17.Nc6 Bxc6 18.bxc6 Rxc6 19.Bxb6 Rxb6 20.Qd4 O-O 21.Na4 Rb8 22.Qxd7 Qxg5+
23.f4 Qxf4+ 24.Kb1 Rfd8 25.Qxd8+ Rxd8 26.Rxd8+ Bf8 27.Nc3 Qf3 28.Rg1 Qf2
29.Rh1 Qf3 30.Rg1 Qf2  1/2-1/2

[Event "Essent Open"]
[Site "Hoogeveen NED"]
[Date "2000.10.21"]
[Round "9"]
[White "Shklovski,Vl"]
[Black "Timmermans,I"]
[Result "1-0"]
[WhiteElo "2220"]
[BlackElo "2200"]

1.e4 c5 2.Nf3 d6 3.d4 cxd4 4.Nxd4 Nf6 5.Nc3 a6 6.f3 e5 7.Nb3 Be6 8.Be3 Be7
9.Qd2 h5 10.O-O-O Nbd7 11.Kb1 Rc8 12.Qf2 Qc7 13.Nd5 Nxd5 14.exd5 Bf5 15.Bd3 Bxd3
16.Rxd3 Qb8 17.Qg3 Kf8 18.Qh3 Qc7 19.Rc3 Qd8 20.Rxc8 Qxc8 21.f4 Qd8 22.c4 g6
23.g4 Kg7 24.g5 Re8 25.f5 Bxg5 26.fxg6 f5 27.Qxf5 Bxe3 28.Qf7+ Kh6 29.Qh7+ Kg5
30.h4+ Kg4 31.g7 Nf6 32.Qg6+ Kf3 33.Rf1+ Ke2 34.Qg2+ Kd3 35.Qc2+  1-0

[Event "IV Copa Itau"]
[Site "Sao Paulo BRA"]
[Date "2000.10.21"]
[Round "6"]
[White "Vescovi,G"]
[Black "Leitao,R"]
[Result "0-1"]
[WhiteElo "2526"]
[BlackElo "2567"]

1.e4 c5 2.Nf3 d6 3.d4 cxd4 4.Nxd4 Nf6 5.Nc3 a6 6.f3 e6 7.Be3 b5 8.g4 h6 9.Qd2 Nbd7
10.O-O-O Bb7 11.h4 b4 12.Nce2 d5 13.Ng3 dxe4 14.g5 hxg5 15.hxg5 Rxh1 16.Nxh1 Nd5
17.g6 Qf6 18.gxf7+ Qxf7 19.Bh3 Nc5 20.fxe4 Nxe4 21.Qe1 Nxe3 22.Qxe3 Bc5 23.Qe2 Rd8
24.Nxe6 Rxd1+ 25.Kxd1 Nc3+ 26.bxc3 Bf3 27.Nxg7+ Kf8 28.Ne6+ Ke7  0-1

[Event "It"]
[Site "Alushta UKR"]
[Date "2000.10.24"]
[Round "10"]
[White "Andreev,Ed"]
[Black "Gasanov,E"]
[Result "1/2-1/2"]
[WhiteElo "2433"]
[BlackElo "2389"]

1.e4 c5 2.Nf3 d6 3.d4 cxd4 4.Nxd4 Nf6 5.Nc3 a6 6.f3 Qb6 7.Nb3 e6 8.Qe2 Nc6
9.Be3 Qc7 10.Na4 Nd7 11.Qf2 b5 12.Nb6 Nxb6 13.Bxb6 Qb7 14.a4 Rb8 15.axb5 Qxb6
16.Qxb6 Rxb6 17.bxc6 Rxc6 18.Bd3 Rb6 19.Ke2 Be7 20.Ra4 Bf6 21.Rha1 Bxb2 22.R1a2 Be5
23.g3 g5 24.Bxa6 Bd7 25.R4a3 h5 26.Bd3 Ke7 27.Ra8 Rxa8 28.Rxa8 h4 29.Rg8 Kf6
30.gxh4 gxh4 31.Rg4 Bxh2  1/2-1/2

[Event "It"]
[Site "Alushta UKR"]
[Date "2000.10.26"]
[Round "12"]
[White "Olenin,N"]
[Black "Gasanov,E"]
[Result "1/2-1/2"]
[WhiteElo "2408"]
[BlackElo "2389"]

1.e4 c5 2.Nf3 d6 3.d4 cxd4 4.Nxd4 Nf6 5.Nc3 a6 6.Be3 Ng4 7.Bc1 Nf6 8.f3 e6
9.Be3 b5 10.Qd2 Nbd7 11.g4 h6 12.O-O-O Bb7 13.h4 b4 14.Na4 Qa5 15.b3 Nc5
16.a3 Rc8 17.Qxb4 Qxb4 18.axb4 Nxa4 19.bxa4 d5 20.e5 Nd7 21.b5 Nxe5 22.bxa6 Ba3+
23.Kb1 Ba8 24.Bf4 Nc4 25.Nb5 Ke7 26.a7 Bb4 27.Rh2 Na5 28.Nc7 Bc5 29.c4 dxc4
30.Nxa8 Rxa8 31.Rc2 Bxa7 32.Bd6+ Kf6 33.Bc7 Bb8 34.Bd8+ Kg6 35.h5+ Kh7 36.Bxc4 Nxc4
37.Rxc4 Be5 38.Bc7 Rhc8 39.Rdc1 Bxc7 40.Rxc7 Rcb8+ 41.Kc2 Rxa4 42.Kd2 Rf4
43.Ke3 e5 44.R1c3 Rb1 45.Re7 Rb5 46.Rxe5 Rxf3+ 47.Kxf3 Rxe5 48.Rc7 Kg8 49.Rc8+ Kh7
50.Rc7 Re1 51.Kf2  1/2-1/2

[Event "34th Olympiad"]
[Site "Istanbul TUR"]
[Date "2000.10.30"]
[Round "3"]
[White "Socko,B"]
[Black "Miniboeck,G"]
[Result "1-0"]
[WhiteElo "2528"]
[BlackElo "2413"]

1.e4 c5 2.Nf3 d6 3.d4 cxd4 4.Nxd4 Nf6 5.Nc3 a6 6.f3 e5 7.Nb3 Be6 8.Be3 h5
9.Qd2 Nbd7 10.O-O-O Rc8 11.Nd5 Bxd5 12.exd5 Nb6 13.Qa5 Qc7 14.c3 Nc4 15.Qxc7 Rxc7
16.Bxc4 Rxc4 17.Na5 Rc7 18.c4 g6 19.Kb1 Bh6 20.Bb6 Rd7 21.c5 dxc5 22.d6 Be3
23.Rhe1 Bd4 24.Bxc5 O-O 25.Nb3 Rc8 26.Ba3 Ba7 27.Rxe5 Bb8 28.Re7 Rcd8 29.Rxd7 Rxd7
30.Na5 Kf8 31.Nxb7  1-0

[Event "Chigorin Mem"]
[Site "St Petersburg RUS"]
[Date "2000.10.31"]
[Round "1"]
[White "Rogovoi,M"]
[Black "Polovodin,I"]
[Result "1/2-1/2"]
[WhiteElo "2252"]
[BlackElo "2444"]

1.e4 c5 2.Nf3 d6 3.d4 cxd4 4.Nxd4 Nf6 5.Nc3 a6 6.f3 e5 7.Nb3 Be6 8.Be3 Nc6
9.Qd2 d5 10.exd5 Nxd5 11.Nxd5 Qxd5 12.O-O-O O-O-O 13.Qxd5 Rxd5 14.Rxd5 Bxd5
15.Nc5 Nd4 16.Bxd4 exd4 17.Nb3 g6 18.Nxd4 Bxa2 19.b3 Bg7 20.Ne2 Re8 21.g3 b5
22.Nf4 f5 23.Bd3 Re5 24.Kd2 Rc5 25.Ne2 a5 26.Nc1 Bc3+ 27.Kd1 Bb1 28.Ne2 Bg7
29.Kd2 Ba2 30.Nc1 Bc3+ 31.Kd1  1/2-1/2

[Event "34th Olympiad"]
[Site "Istanbul TUR"]
[Date "2000.11.01"]
[Round "5"]
[White "Prasad,D"]
[Black "Ruck,R"]
[Result "1/2-1/2"]
[WhiteElo "2431"]
[BlackElo "2489"]

1.e4 c5 2.Nf3 d6 3.d4 cxd4 4.Nxd4 Nf6 5.Nc3 a6 6.f3 Qb6 7.Nb3 e6 8.Qe2 Qc7
9.g4 b5 10.Be3 Nc6 11.g5 Nd7 12.Qf2 Nce5 13.O-O-O b4 14.Nb1 Nc4 15.Bxc4 Qxc4
16.N1d2 Qc7 17.Kb1 Bb7 18.Rc1 a5 19.c4 Nc5 20.Nxc5 dxc5 21.h4 a4 22.Qh2 Bd6
23.f4 O-O-O 24.Rhd1 Rd7 25.e5 Be7 26.Nf1 Rhd8 27.Qe2 Rxd1 28.Rxd1 Rxd1+ 29.Qxd1 Qc6
30.Nd2 Kc7 31.Qf1 g6 32.Kc2 Qa6 33.Qd3 Qc6 34.h5 Qh1 35.hxg6 hxg6 36.Qf1 Be4+
37.Kc1 Qxf1+ 38.Nxf1 Bd3 39.Nd2 Kc6 40.b3 a3 41.Kd1  1/2-1/2

[Event "4th OIBM"]
[Site "Bad Wiessee GER"]
[Date "2000.11.02"]
[Round "6"]
[White "Koscielski,J"]
[Black "Agdestein,S"]
[Result "0-1"]
[WhiteElo "2359"]
[BlackElo "2590"]

1.e4 c5 2.Nf3 d6 3.d4 cxd4 4.Nxd4 Nf6 5.Nc3 a6 6.f3 Qb6 7.Nb3 e6 8.Bd3 Be7
9.Qe2 Nc6 10.g4 h6 11.h4 Qc7 12.Qg2 b5 13.Be3 Nd7 14.g5 Bb7 15.a4 b4 16.Ne2 Nce5
17.Ned4 hxg5 18.hxg5 Rxh1+ 19.Qxh1 d5 20.O-O-O Nxd3+ 21.Rxd3 Ne5 22.Rd1 Nc4
23.Qg1 g6 24.Kb1 e5 25.Ne2 Rc8 26.Rc1 dxe4 27.fxe4 Bxe4 28.Ng3 Bd5 29.Nd2 Na3+
30.bxa3 Qc3 31.Nge4 Qxa3 32.Nb3 Bxe4  0-1

[Event "34th Olympiad"]
[Site "Istanbul TUR"]
[Date "2000.11.04"]
[Round "7"]
[White "Atakisi,U"]
[Black "Wynn Zaw Htun"]
[Result "1-0"]
[WhiteElo "2258"]
[BlackElo "2424"]

1.e4 c5 2.Nf3 d6 3.d4 cxd4 4.Nxd4 Nf6 5.Nc3 a6 6.f3 e5 7.Nb3 Be6 8.Be3 Nbd7
9.g4 h6 10.Qd2 b5 11.O-O-O b4 12.Nd5 Bxd5 13.exd5 Nb6 14.Bxb6 Qxb6 15.h4 Be7
16.Bc4 Nd7 17.Kb1 a5 18.Qe2 a4 19.Nc1 Rb8 20.Nd3 a3 21.b3 Qd4 22.f4 O-O 23.c3 Qxc3
24.g5 Rfe8 25.gxh6 e4 26.Ne5 dxe5 27.d6 Bf6 28.f5 Qb2+ 29.Qxb2 axb2 30.Rhg1 Nb6
31.h7+ Kxh7 32.Bxf7 Rec8 33.Kxb2 e3 34.Rg5 e4+ 35.Kb1 g6 36.Rxg6 Bc3 37.Rg2 Rd8
38.Be6 Nd7 39.Rdg1 Nc5 40.Rg5  1-0

[Event "34th Olympiad"]
[Site "Istanbul TUR"]
[Date "2000.11.04"]
[Round "7"]
[White "Hansen,SuB"]
[Black "Anastasian,A"]
[Result "0-1"]
[WhiteElo "2545"]
[BlackElo "2571"]

1.e4 c5 2.Nf3 d6 3.d4 cxd4 4.Nxd4 Nf6 5.Nc3 a6 6.f3 e5 7.Nb3 Be7 8.Be3 Be6
9.Qd2 O-O 10.O-O-O Nbd7 11.g4 b5 12.g5 Nh5 13.Rg1 Nb6 14.Nd5 Nxd5 15.exd5 Bd7
16.Na5 Qc7 17.Kb1 Kh8 18.Bd3 f5 19.Be2 Rae8 20.Nb3 Bd8 21.Rc1 Qb7 22.c4 bxc4
23.Rxc4 Qa8 24.a4 Nf4 25.Rd1 Bxg5 26.Na5 Nxe2 27.Bxg5 Nd4 28.Rxd4 exd4 29.Qxd4 f4
30.Bxf4 Qb8 31.Rg1 Bf5+ 32.Ka2 Rf7 33.Nc6 Qc7 34.Qb4 Rf6 35.Bd2 Qf7 36.Qd4 Bg6
37.Rg3 Rf5 38.Bc3 Rf4 39.Qd1 Rf5 40.Ka3 Rxd5 41.Qb3 Rf5 42.Qb6 Rc5 43.Qxa6 Qc7  0-1

[Event "Chigorin Mem"]
[Site "St Petersburg RUS"]
[Date "2000.11.04"]
[Round "4"]
[White "Melnikov,D"]
[Black "Biriukov,O"]
[Result "1-0"]
[WhiteElo "2256"]
[BlackElo "2382"]

1.e4 c5 2.Nf3 d6 3.d4 cxd4 4.Nxd4 Nf6 5.Nc3 a6 6.f3 e6 7.Be3 b5 8.Qd2 Nbd7
9.g4 h6 10.O-O-O Bb7 11.h4 b4 12.Nce2 d5 13.Bh3 dxe4 14.g5 hxg5 15.hxg5 exf3
16.Ng3 Ne4 17.Nxe4 Bxe4 18.g6 Bxg6 19.Bg5 Nf6 20.Qe3 Bc5 21.Bxe6 O-O 22.Bb3 Nd5
23.Qe5  1-0

[Event "34th Olympiad Women"]
[Site "Istanbul TUR"]
[Date "2000.11.05"]
[Round "8"]
[White "Paehtz,E"]
[Black "Bojkovic,N"]
[Result "1-0"]
[WhiteElo "2343"]
[BlackElo "2420"]

1.e4 c5 2.Nf3 d6 3.d4 cxd4 4.Nxd4 Nf6 5.Nc3 a6 6.f3 e5 7.Nb3 Be6 8.Be3 Be7
9.Qd2 O-O 10.O-O-O Qc7 11.g4 b5 12.Kb1 b4 13.Nd5 Bxd5 14.exd5 a5 15.g5 Nh5
16.Bh3 f5 17.gxf6 Rxf6 18.Bg4 Nf4 19.Nd4 exd4 20.Bxf4 Rf8 21.Rhe1 Na6 22.Bg5 Rae8
23.Bxe7 Rxe7 24.Qxd4 Nc5 25.Be6+ Kh8 26.f4 Rfe8 27.f5 Nd7 28.Qh4 Nf6 29.Rg1 Rf8
30.Rg3 Qc5 31.c3 Qf2 32.Rh3 Qe2 33.Rdd3 bxc3 34.Qxh7+ Nxh7 35.Rxh7+  1-0

[Event "34th Olympiad Women"]
[Site "Istanbul TUR"]
[Date "2000.11.05"]
[Round "8"]
[White "Epstein,E"]
[Black "Dengler,D"]
[Result "1/2-1/2"]
[WhiteElo "2224"]
[BlackElo "2120"]

1.e4 c5 2.Nf3 d6 3.d4 cxd4 4.Nxd4 Nf6 5.Nc3 a6 6.f3 Nc6 7.Nb3 e6 8.a4 Be7
9.Be3 Qc7 10.a5 d5 11.exd5 Nxd5 12.Nxd5 exd5 13.Bd3 Bh4+ 14.Bf2 Bxf2+ 15.Kxf2 O-O
16.Re1 b6 17.axb6 Qxb6+ 18.Kf1 Nb4 19.Be2 Rb8 20.Nd4 Qc7 21.Kg1 Rb6 22.Qd2 Nc6
23.Nxc6 Rxc6 24.c3 Rh6 25.f4 Qb6+ 26.Qd4 Qxb2 27.Rab1 Qa3 28.Bf3 Rc6 29.Re3 Bf5
30.Rbe1 Be4 31.Bxe4 dxe4 32.c4 Qc5 33.Rxe4 f5 34.Qxc5 Rxc5 35.Rd4  1/2-1/2

[Event "Chigorin Mem"]
[Site "St Petersburg RUS"]
[Date "2000.11.05"]
[Round "5"]
[White "Farakhov,R"]
[Black "Karasev,V"]
[Result "1-0"]
[WhiteElo "2288"]
[BlackElo "2358"]

1.e4 c5 2.Nf3 d6 3.d4 Nf6 4.Nc3 cxd4 5.Nxd4 a6 6.f3 e5 7.Nb3 Be6 8.Be3 Be7
9.Qd2 O-O 10.O-O-O b5 11.g4 Nbd7 12.h4 Nb6 13.Qf2 Na4 14.Nd5 Rc8 15.Kb1 Nxd5
16.exd5 Bd7 17.Bd3 f5 18.Qg2 f4 19.Bd2 Qb6 20.Qe2 g6 21.g5 Rf5 22.Rc1 Nc5
23.Nxc5 Qxc5 24.c4 b4 25.Be1 a5 26.Bf2 Qc7 27.Ka1 a4 28.h5 Bxg5 29.hxg6 h6
30.Bh4 a3 31.Bxg5 axb2+ 32.Qxb2 Rxg5 33.Rxh6 Qc5 34.Rh8+ Kxh8 35.Qh2+ Rh5
36.Qxh5+ Kg7 37.Qh7+ Kf6 38.Qf7+ Kg5 39.Qe7+  1-0

[Event "34th Olympiad"]
[Site "Istanbul TUR"]
[Date "2000.11.06"]
[Round "9"]
[White "Shabalov,A"]
[Black "Sutovsky,E"]
[Result "1/2-1/2"]
[WhiteElo "2601"]
[BlackElo "2609"]

1.e4 c5 2.Nf3 d6 3.d4 Nf6 4.Nc3 cxd4 5.Nxd4 a6 6.f3 Nc6 7.Be3 d5 8.Qe2 e5
9.Nxc6 bxc6 10.exd5 Nxd5 11.O-O-O Be6 12.Bd2 Qc7 13.Re1 Bd6 14.Ne4 Be7 15.Ng5 Bxg5
16.Bxg5 f6 17.Bd2 Rb8 18.Qe4 O-O 19.Bd3 g6 20.Bc4 a5 21.Bb3 Kh8 22.g4 a4
23.Qxa4 Nb6 24.Ba5 Qa7 25.Bxb6 Qxb6 26.Bxe6 Qxb2+ 27.Kd2 Rfd8+ 28.Ke2 Qc3
29.Rd1 Rd4 30.Rxd4 exd4 31.Re1 Qe3+ 32.Kf1 Rb1 33.Qa8+  1/2-1/2

[Event "34th Olympiad"]
[Site "Istanbul TUR"]
[Date "2000.11.06"]
[Round "9"]
[White "Svetushkin,D"]
[Black "Leitao,R"]
[Result "0-1"]
[WhiteElo "2472"]
[BlackElo "2567"]

1.e4 c5 2.Nf3 d6 3.d4 cxd4 4.Nxd4 Nf6 5.Nc3 a6 6.f3 e6 7.Be3 b5 8.g4 h6 9.Qd2 Nbd7
10.O-O-O Bb7 11.Bd3 Ne5 12.Rhe1 Qc7 13.Kb1 Be7 14.h4 Nfd7 15.g5 hxg5 16.Bxg5 Bxg5
17.Qxg5 b4 18.Nd5 exd5 19.exd5 Qd8 20.Qxg7 Qf6 21.Qxf6 Nxf6 22.f4 O-O-O 23.fxe5 dxe5
24.Nc6 Bxc6 25.dxc6 Rxh4 26.Rxe5 Kc7 27.a4 bxa3 28.Re7+ Kxc6 29.Be4+ Rxe4  0-1

[Event "34th Olympiad"]
[Site "Istanbul TUR"]
[Date "2000.11.07"]
[Round "10"]
[White "De la Riva Aguado,O"]
[Black "Simutowe,A"]
[Result "0-1"]
[WhiteElo "2462"]
[BlackElo "2322"]

1.e4 c5 2.Nf3 d6 3.d4 cxd4 4.Nxd4 Nf6 5.Nc3 a6 6.f3 e6 7.Be3 b5 8.Qd2 Bb7
9.g4 Nfd7 10.O-O-O Nb6 11.Bd3 N8d7 12.Kb1 Rc8 13.g5 Ne5 14.f4 Nbc4 15.Qe2 Nxd3
16.cxd3 b4 17.Na4 Qa5 18.dxc4 Bxe4+ 19.Nc2 Qxa4 20.b3 Qc6 21.Rhe1 Bf3 22.Qd3 Bxd1
23.Rxd1 d5 24.cxd5 Qxd5 25.Bd4 Bc5 26.Bxg7 Qxd3 27.Rxd3 Rg8 28.Bf6 Be7 29.Bd4 f6
30.h4 fxg5 31.hxg5 Rf8 32.Be5 Bxg5 33.Nd4 Bxf4 34.Bg7 Rf7 35.Nxe6 Ke7 36.Nxf4 Rxf4  0-1

[Event "34th Olympiad Women"]
[Site "Istanbul TUR"]
[Date "2000.11.07"]
[Round "10"]
[White "Moncayo Romero,E"]
[Black "Buervenich,S"]
[Result "0-1"]
[WhiteElo "2135"]
[BlackElo "2201"]

1.e4 c5 2.Nf3 d6 3.d4 cxd4 4.Nxd4 Nf6 5.Nc3 a6 6.f3 e5 7.Nb3 Be6 8.Be3 Nbd7
9.Be2 Be7 10.O-O b5 11.a3 O-O 12.f4 Qc7 13.f5 Bc4 14.Kh1 Nb6 15.Nd2 Rac8
16.Nxc4 Nxc4 17.Bxc4 Qxc4 18.Qf3 h6 19.Rf2 a5 20.g4 b4 21.Nd5 Nxd5 22.exd5 Bf6
23.axb4 axb4 24.b3 Qc3 25.Ra6 e4 26.Qe2 Ra8 27.Bf4 Rxa6 28.Qxa6 Bd4 29.Rf1 e3
30.Bxd6 Qxc2 31.Rf4 e2 32.Bxb4 Qc1+ 33.Kg2 Qxf4 34.Qxe2 Rd8  0-1

[Event "34th Olympiad Women"]
[Site "Istanbul TUR"]
[Date "2000.11.09"]
[Round "12"]
[White "Paehtz,E"]
[Black "Xu Yuhua"]
[Result "1/2-1/2"]
[WhiteElo "2343"]
[BlackElo "2505"]

1.e4 c5 2.Nf3 d6 3.d4 cxd4 4.Nxd4 Nf6 5.Nc3 a6 6.f3 e5 7.Nb3 Be6 8.Be3 Be7
9.Qd2 h5 10.Nd5 Nxd5 11.exd5 Bf5 12.Bd3 Bxd3 13.Qxd3 Bg5 14.O-O Nd7 15.Kh1 Rc8
16.c3 O-O 17.f4 exf4 18.Bxf4 Bxf4 19.Rxf4 Qg5 20.Raf1 g6 21.Qh3 Rc7 22.c4 Ne5
23.Nd2 Ng4 24.Qg3 Qe5 25.b3 Re7 26.Ne4 Rd8 27.h3 Nh6 28.Qh4 f5  1/2-1/2

[Event "34th Olympiad"]
[Site "Istanbul TUR"]
[Date "2000.11.09"]
[Round "12"]
[White "Gurcan,S"]
[Black "Vanderstricht,G"]
[Result "1/2-1/2"]
[WhiteElo "2295"]
[BlackElo "2369"]

1.e4 c5 2.Nf3 d6 3.d4 cxd4 4.Nxd4 Nf6 5.Nc3 a6 6.f3 e5 7.Nb3 Be7 8.Be3 O-O
9.Qd2 Qc7 10.O-O-O b5 11.g4 b4 12.Na4 Nc6 13.Nb6 Rb8 14.g5  1/2-1/2

[Event "Chigorin Mem"]
[Site "St Petersburg RUS"]
[Date "2000.11.09"]
[Round "8"]
[White "Ekdyshman,M"]
[Black "Biriukov,O"]
[Result "0-1"]
[WhiteElo "2269"]
[BlackElo "2382"]

1.e4 c5 2.Nf3 d6 3.d4 cxd4 4.Nxd4 Nf6 5.Nc3 a6 6.f3 e6 7.Be3 b5 8.Qd2 Nbd7
9.O-O-O Bb7 10.g4 h6 11.h4 b4 12.Na4 Qa5 13.b3 Nc5 14.a3 Nxa4 15.axb4 Qc7
16.bxa4 d5 17.e5 Nd7 18.f4 Nb6 19.f5 Nxa4 20.fxe6 Nc3 21.exf7+ Kxf7 22.e6+ Kg8
23.Bf4 Bxb4 24.Bxc7 Ba3+  0-1

[Event "34th Olympiad"]
[Site "Istanbul TUR"]
[Date "2000.11.10"]
[Round "13"]
[White "Apicella,M"]
[Black "Moreno,J"]
[Result "1/2-1/2"]
[WhiteElo "2506"]
[BlackElo "2515"]

1.e4 c5 2.Nf3 d6 3.d4 cxd4 4.Nxd4 Nf6 5.Nc3 a6 6.Be3 Ng4 7.Bc1 Nf6 8.f3 e6
9.Be3 b5 10.Qd2 Nbd7 11.O-O-O Bb7 12.g4 Nb6 13.Bd3 Rc8 14.Kb1 Nfd7 15.Qf2 Rxc3
16.bxc3 Qc7 17.Ne2 Be7 18.f4 O-O 19.g5 d5 20.e5 d4 21.cxd4 Bxh1 22.Rxh1 Nd5
23.f5 g6 24.h4 Ba3 25.Bd2 N7b6 26.Rh3 exf5 27.h5 Rc8 28.e6 fxe6 29.hxg6 hxg6
30.Qh4 Qg7 31.Bf4 Nd7 32.Bxb5 axb5 33.Rxa3 Nxf4 34.Qxf4 e5 35.dxe5 Qxe5 36.Qxe5 Nxe5
37.Nf4 Rc4 38.Ra8+ Kf7 39.Ra7+ Kf8 40.Ra8+ Ke7 41.Ra7+ Kd8 42.Nd5 Rd4 43.Ra8+ Kd7
44.Ra7+ Kc6 45.Ne7+ Kb6 46.Nc8+ Kc5 47.c3 Rg4 48.Rc7+ Kd5 49.Rb7 Kc6 50.Re7 Nc4
51.Rg7 Ne5 52.Re7 Rg1+ 53.Kc2 Rg2+ 54.Kd1 Nf3 55.Rg7 Rxg5 56.Rxg6+ Rxg6 57.Ne7+ Kc5
58.Nxg6 Kc4 59.Kc2 Ne1+ 60.Kd2 Nd3 61.Nh4 f4 62.Ng2 Nc5  1/2-1/2

[Event "34th Olympiad"]
[Site "Istanbul TUR"]
[Date "2000.11.10"]
[Round "13"]
[White "Atakisi,U"]
[Black "Mamedov,N"]
[Result "0-1"]
[WhiteElo "2258"]
[BlackElo "2403"]

1.e4 c5 2.Nf3 d6 3.d4 cxd4 4.Nxd4 Nf6 5.Nc3 a6 6.f3 e6 7.Be3 b5 8.Qd2 Bb7
9.g4 Nc6 10.Nxc6 Bxc6 11.O-O-O Be7 12.Kb1 Nd7 13.g5 Rc8 14.h4 Qc7 15.Bd3 Ne5
16.f4 Nxd3 17.cxd3 Qb7 18.Bd4 O-O 19.h5 b4 20.Ne2 b3 21.a3 e5 22.Bc3 d5 23.exd5 Bxd5
24.Rhg1 e4 25.f5 Bc5 26.h6 g6 27.d4 Bd6 28.Nf4 Rfe8 29.Nxd5 Qxd5 30.fxg6 fxg6
31.Qe3 Rf8 32.Rde1 Rf4 33.Bb4 Bxb4 34.axb4 Rcf8 35.Rg3 Rf1 36.Rg1 Rxg1 37.Qxg1 Qc4
38.Qe3 Qc2+ 39.Ka1 Rf3 40.Qc1 Qxc1+ 41.Rxc1 e3  0-1

[Event "ch-POL Semi-Finals"]
[Site "Polanczyk POL"]
[Date "2000.11.10"]
[Round "7"]
[White "Luch,M"]
[Black "Warszawski,B"]
[Result "1/2-1/2"]
[WhiteElo "2072"]
[BlackElo "2173"]

1.e4 c5 2.Nf3 d6 3.d4 cxd4 4.Nxd4 Nf6 5.Nc3 a6 6.f3 e6 7.Be3 b5 8.g4 h6 9.Qd2 Nbd7
10.O-O-O Bb7 11.h4 Ne5 12.Rg1 Qa5 13.g5 hxg5 14.hxg5 b4 15.Nb1 Nfd7 16.f4 Nc6
17.g6 Nxd4 18.gxf7+ Kxf7 19.Qxd4 Rc8 20.e5 Rh2 21.Rd2 Rxd2 22.Bxd2 Qc5 23.Qxc5 dxc5
24.c4 Be7  1/2-1/2

[Event "Chigorin Mem"]
[Site "St Petersburg RUS"]
[Date "2000.11.10"]
[Round "9"]
[White "Lastin,A"]
[Black "Yuferov,S"]
[Result "1-0"]
[WhiteElo "2580"]
[BlackElo "2436"]

1.e4 c5 2.Nf3 d6 3.d4 cxd4 4.Nxd4 Nf6 5.Nc3 a6 6.f3 e6 7.Be3 b5 8.g4 h6 9.Qd2 Nbd7
10.O-O-O Bb7 11.Bd3 b4 12.Nce2 d5 13.exd5 Bxd5 14.Nf4 Nc5 15.Kb1 Nxd3 16.Qxd3 Be7
17.h4 Qa5 18.Nxd5 Nxd5 19.Bc1 Qb6 20.Nxe6 Nc3+ 21.bxc3 bxc3+ 22.Ka1 fxe6
23.Qg6+ Kf8 24.Rd7 Rd8 25.Rxe7 Kxe7 26.Qxg7+ Kd6 27.Ba3+ Kd5 28.Rb1 Rhg8
29.Qh7 Qe3 30.Qb7+ Ke5 31.Qc7+  1-0

[Event "Chigorin Mem"]
[Site "St Petersburg RUS"]
[Date "2000.11.10"]
[Round "9"]
[White "Farakhov,R"]
[Black "Zhelnin,V"]
[Result "1/2-1/2"]
[WhiteElo "2288"]
[BlackElo "2462"]

1.e4 c5 2.Nf3 d6 3.d4 cxd4 4.Nxd4 Nf6 5.Nc3 a6 6.f3 e5 7.Nb3 Be6 8.Be3 Nbd7
9.g4 h6 10.Qd2 Rc8 11.O-O-O Nb6 12.h4 Nfd7 13.g5 hxg5 14.Bxg5 Qc7 15.Kb1 Nc4
16.Bxc4 Bxc4 17.h5 b5 18.Rh2 Nb6 19.Be3 Na4 20.Nd5 Bxd5 21.exd5 Be7 22.Na5 Bf6
23.Nc6 Nb6 24.Bxb6 Qxb6 25.h6 g6 26.f4 e4 27.Qb4 Kd7 28.Qxe4 Rce8 29.Qb4 Rh7
30.a3 Re3 31.Re1 Rh8 32.Rhe2 Rxe2 33.Rxe2 Qg1+ 34.Re1 Qg2 35.Qb3 Qf2 36.Qh3+ Kc7
37.Rf1 Rxh6 38.Qd3 Qg2 39.Nb4 Rh3 40.Qd1 a5 41.Nd3 Qxd5 42.Qd2 Kb6 43.Qe2 Rh8
44.Rd1 Rh1 45.Rxh1 Qxh1+ 46.Ka2 Qc6 47.Kb1 Kb7 48.Qe1 Bd8 49.Qe3 Kc8 50.Qd4 Bb6
51.Qh8+ Kd7 52.Qh3+ Kc7 53.Qh4 Qe4 54.Qg5 Kc6 55.Qf6 Qe6 56.Qg5 Bc7 57.Qg1 Qd5
58.Qg4 Qf5 59.Qg2+ Kd7 60.Qd2 f6 61.Qc3 g5 62.fxg5 fxg5 63.Qg7+ Kc6 64.Qh8 g4
65.Qa8+ Kd7 66.Qg2 Qf3 67.Qxf3 gxf3 68.Kc1 Ke6 69.Kd2 Bb6 70.Ke1 Kf5 71.Kd2 Ke4
72.Ke1 Bd4 73.Kd2 Be3+ 74.Ke1 Bg5 75.Nf2+ Ke3 76.Nd1+ Kf4 77.Nc3 Kg3 78.Kf1 Bc1
79.Ne4+ Kf4 80.Nxd6 Bxb2 81.Nxb5 a4 82.c4 Ke4 83.Kf2 Bf6 84.Nd6+ Kf4 85.Nb5 Ke4
86.Nd6+ Kd4 87.Kxf3 Be5 88.Ne4 Kxc4 89.Ke3 Bb2 90.Nd2+ Kc3 91.Ne4+ Kc4 92.Nd2+ Kc5
93.Nb1 Kc4 94.Nd2+ Kc3 95.Ne4+  1/2-1/2

[Event "ch-POL Semi-Finals"]
[Site "Polanczyk POL"]
[Date "2000.11.11"]
[Round "8"]
[White "Swicarz,M"]
[Black "Mikrut,D"]
[Result "1/2-1/2"]
[WhiteElo "2257"]
[BlackElo "2325"]

1.e4 c5 2.Nf3 d6 3.d4 cxd4 4.Nxd4 Nf6 5.Nc3 a6 6.f3 e5 7.Nb3 Be6 8.Bg5 Nbd7
9.Qd2 Be7 10.O-O-O b5 11.h4 O-O 12.Kb1 b4 13.Nd5 Bxd5 14.exd5 a5 15.g4 Qc7
16.Bd3 Nb6 17.Rdg1 a4 18.Nc1 a3 19.b3 Nfxd5 20.Ne2 Ra5 21.Bxe7 Qxe7 22.g5 Rc5
23.h5 Nc3+ 24.Nxc3 Rxc3 25.Bxh7+ Kxh7 26.g6+ Kg8 27.h6 fxg6 28.hxg7 Qxg7
29.Qxd6 Rf6 30.Qd8+ Qf8 31.Rxg6+ Rxg6 32.Rh8+ Kxh8 33.Qxf8+ Kh7 34.Qe7+ Rg7
35.Qh4+ Kg6 36.Qg4+ Kf6 37.Qh4+ Kf7 38.Qh5+ Rg6 39.Qh7+ Kf6 40.Qh8+ Kf5 41.Qh5+ Kf6
42.Qh8+ Kf7 43.Qh7+ Kf6 44.Qh8+  1/2-1/2

[Event "FSIM November"]
[Site "Budapest HUN"]
[Date "2000.11.14"]
[Round "11"]
[White "Balogh,C"]
[Black "Dub,Z"]
[Result "1-0"]
[WhiteElo "2359"]
[BlackElo "2137"]

1.e4 c5 2.Nf3 d6 3.d4 cxd4 4.Nxd4 Nf6 5.Nc3 a6 6.f3 e5 7.Nb3 Be6 8.Be3 Nbd7
9.g4 Nb6 10.g5 Nfd7 11.Qd2 Rc8 12.O-O-O Be7 13.h4 Qc7 14.Rh2 Nc4 15.Bxc4 Bxc4
16.h5 b5 17.Kb1 Nf8 18.Rg2 Ne6 19.Nd5 Bxd5 20.exd5 Nf8 21.Na5 Nd7 22.Nc6 Nb6
23.Bxb6 Qxb6 24.f4 Rxc6 25.dxc6 Qxc6 26.fxe5 dxe5 27.Re2 f6 28.gxf6 gxf6
29.Qh6 Qe6 30.Rg2 Rg8 31.Rg7 Rxg7 32.Qxg7 Qf7 33.h6 Qh5 34.Qg8+ Bf8 35.Qe6+ Be7
36.Rg1  1-0

[Event "Tch-ISL"]
[Site "Reykjavik ISL"]
[Date "2000.11.19"]
[Round "4"]
[White "Kristjansson,S"]
[Black "Steindorsson,S"]
[Result "1-0"]
[WhiteElo "2281"]
[BlackElo "2093"]

1.e4 c5 2.Nf3 d6 3.d4 cxd4 4.Nxd4 Nf6 5.Nc3 a6 6.f3 e5 7.Nb3 Be6 8.Be3 Be7
9.Qd2 O-O 10.O-O-O b5 11.g4 b4 12.Nd5 Bxd5 13.exd5 a5 14.Kb1 a4 15.Nc1 Qa5
16.g5 Nfd7 17.Rg1 Nc5 18.Rg4 Nba6 19.a3 Rfb8 20.Na2 e4 21.Bxa6 Qxa6 22.Nxb4 Qb7
23.fxe4 Qd7 24.h3 Bd8 25.Bd4 Rb5 26.Bc3  1-0

[Event "Open"]
[Site "Mallorca ESP"]
[Date "2000.12.04"]
[Round "3"]
[White "Adla,D"]
[Black "Baches Garcia,G"]
[Result "1-0"]
[WhiteElo "2498"]
[BlackElo "2393"]

1.e4 c5 2.Nf3 d6 3.d4 cxd4 4.Nxd4 Nf6 5.Nc3 a6 6.f3 e6 7.Be3 b5 8.g4 Bb7
9.Qd2 Nfd7 10.O-O-O Qa5 11.Kb1 Ne5 12.Bd3 Nbd7 13.Qf2 Rc8 14.g5 Nc4 15.Bxc4 Rxc4
16.h4 g6 17.h5 Bg7 18.hxg6 hxg6 19.Rxh8+ Bxh8 20.Qh2 Be5 21.f4 Rxc3 22.bxc3 Bg7
23.Nb3 Qxc3 24.Bd4 Qf3 25.Rd3 Qf1+ 26.Kb2 e5 27.Nd2 Qe1 28.Nf3 Qb4+ 29.Rb3 Qc4
30.Rc3 Qb4+ 31.Rb3 Qc4 32.Qh7 Bf8 33.fxe5 dxe5 34.Bc3 Qxe4 35.Qh8 Qxf3 36.Bxe5 Qe4
37.Bd4 Qd5 38.Re3+ Kd8 39.Bg7  1-0

[Event "67th ch-BRA"]
[Site "Teresina BRA"]
[Date "2000.12.14"]
[Round "8"]
[White "Vescovi,G"]
[Black "Morais,P"]
[Result "1-0"]
[WhiteElo "2526"]
[BlackElo "2123"]

1.e4 c5 2.Nf3 d6 3.d4 cxd4 4.Nxd4 Nf6 5.Nc3 a6 6.f3 e6 7.Be3 b5 8.Qd2 Be7
9.g4 Bb7 10.g5 Nh5 11.O-O-O Nd7 12.Nce2 Ne5 13.Ng3 g6 14.Nxh5 gxh5 15.Be2 Rc8
16.Kb1 Nc4 17.Bxc4 Rxc4 18.Qg2 d5 19.f4 Qc8 20.e5 Bc5 21.Rhf1 Qc7 22.f5 Qxe5
23.fxe6 O-O 24.exf7+ Rxf7 25.Rxf7 Kxf7 26.Qf2+ Ke8 27.b3 Rc3 28.Re1 Kd7 29.Qf7+ Qe7
30.Qf5+  1-0